Представление документа в формате RUSMARC

Поле Инд. ПП Название Значение
Тип записи a
Библиографический уровень a
001 Контрольный номер 13c89099bb2b4db9977cf857de00d45b
005 Дата корректировки 20231228135340.4
100 a Данные общей обработки 20210331 ||| 0rusy0189 ca
101 0_ a Язык текста rus
102 a Страна публикации RU
200 1_ a Заглавие Правовая природа принципов российского гражданского права
203 a Вид содержания Текст : электронный
300 a Общие примечания Чтение статьи доступно в Источнике
336 a Примечание о виде электронного ресурса PDF
461 _0 1 2000
a Российское правосудие
463 _0 1 2000
a № 5
b Текст
v С. 31-38
1 2101
d 2009
1 0019fb5765faa4948cea2daa9eeb3fda45a
606 a Основная рубрика Право. Юридические науки
x Основная подрубрика Гражданское и торговое право
610 0_ a Ключевые слова ПРИНЦИПЫ ПРАВА
a Ключевые слова ТЕОРИЯ ГРАЖДАНСКОГО ПРАВА
700 _1 a Фамилия Ершов
b Имя В.В.
801 _0 a Страна RU
b Организация РГУП
c Дата составления 20210331
g Правила каталогизации PSBO
901 t Тип документа b
w Контрольный № источника 9fb5765faa4948cea2daa9eeb3fda45a
905 a Дата ввода 20210331